<?xml version="1.0" encoding="UTF-8"?>
<marc:record xmlns:marc="http://www.loc.gov/MARC21/slim">
   <marc:leader>00000nam a2200000 a 4500</marc:leader>
   <marc:datafield ind1=" " ind2=" " tag="653">
      <marc:subfield code="a">Sprache</marc:subfield>
   </marc:datafield>
   <marc:datafield ind1=" " ind2=" " tag="653">
      <marc:subfield code="a">Stricken</marc:subfield>
   </marc:datafield>
   <marc:datafield ind1="0" ind2="0" tag="245">
      <marc:subfield code="a">Welt der Frauen - Ausgabe 04-05/2026. - 04-05/2026</marc:subfield>
   </marc:datafield>
   <marc:datafield ind1=" " ind2="1" tag="264">
      <marc:subfield code="c">2026</marc:subfield>
   </marc:datafield>
   <marc:datafield ind1="1" ind2=" " tag="490">
      <marc:subfield code="a">Welt der Frauen</marc:subfield>
   </marc:datafield>
   <marc:datafield ind1="1" ind2=" " tag="520">
      <marc:subfield code="a">Sprache - Ruth Wodak: Einander verstehen
- Mutismus: Wenn die Sprache plötzlich fehlt
- Vielsprachigkeit in Familien: Eine Bereicherung fürs Leben
- Mehr als ein Hobby: Stricken zur Entspannung
- Literarische Ikone: Zum Geburtstag von Ingeborg Bachmann

Zum Jubiläum - Eine Reise durch acht Jahrzehnte "Welt der Frauen"</marc:subfield>
   </marc:datafield>
</marc:record>
